• 首页
  • 本馆介绍
  • 公告通知
  • 最新文献
  • 馆藏检索
  • 电子资源
  • 读者导购
  • 参考咨询
  • 我的图书馆
  • 登录
  • 详细信息显示
  • 放入我的书架
  • 预约/预借图书
  • 作者相关作品
  • 分类相关作品
  • 丛书相关作品
  • 出版社相关作品

书目信息

  • 表格格式
  • 工作单格式
  • 卡片格式
题名:
“一带一路”经济学
    
 
作者: 梁海明 著
分册:  
出版信息: 成都   西南财经大学出版社  2016
页数: 207页
开本: 23cm
丛书名:
单 册:
中图分类: F125.4
科图分类:
主题词: 区域经济合作--qu yu jing ji he zuo--国际合作--研究--中国
电子资源:
ISBN: 978-7-5504-1336-8
000 00950nam0 22002411 450
001 1731243010
005 20170602161218.0
010    @a978-7-5504-1336-8@dCNY38.00
100    @a20160225d2016 em y0chiy50 ea
101 0  @achi
102    @aCN@b510000
105    @aa z 000yy
106    @ar
200 1  @a“一带一路”经济学@Ayi dai yi lu jing ji xue@f梁海明著
210    @a成都@c西南财经大学出版社@d2016
215    @a207页@c图@d23cm
314    @a梁海明, 一带一路百人论坛专家委员会委员, 盘古智库学术委员, 英国《金融时报》中文网财经专栏作家, 中央电视台财经评论员。
330    @a本书主要分成四个部分: 文化传播篇、企业走出去篇、地方政府篇、国际经济博弈篇。作者以国际视野、从海外角度去分析、探讨一带一路的发展路径以及由此带来的发展契机。
606 0  @a区域经济合作@Aqu yu jing ji he zuo@x国际合作@x研究@y中国
690    @aF125.4@v5
701  0 @a梁海明@Aliang hai ming@4著
801  0 @aCN@bTANG WEI@c20170527
905    @b0970708-12@dF125.4@e296@f5
    
    “一带一路”经济学/梁海明著.-成都:西南财经大学出版社,2016
    207页:图;23cm
    
    
    ISBN 978-7-5504-1336-8:CNY38.00
    本书主要分成四个部分: 文化传播篇、企业走出去篇、地方政府篇、国际经济博弈篇。作者以国际视野、从海外角度去分析、探讨一带一路的发展路径以及由此带来的发展契机。
●
相关链接 在E读中查询图书 在五车中查询图书 在当当中查询图书 在豆瓣中查询图书


正题名:"一带一路"经济学     索取号:F125.4/296         预约/预借

序号 登录号 条形码 馆藏地/架位号 状态 备注
1 0970708   209707085   第一样本阅览室/ [索取号:F125.4/296] 在馆    
2 0970709   209707094   密集书库-海洋学院/ [索取号:F125.4/296] 在馆    
3 0970710   209707101   第一借阅区/ [索取号:F125.4/296] 在馆    
4 0970711   209707110   第一借阅区/ [索取号:F125.4/296] 在馆    
5 0970712   209707129   第一借阅区/ [索取号:F125.4/296] 在馆    
唐山师范学院图书馆 欢迎您!
大连网信软件有限公司© 版权所有